LDR 01013naa#a2200181#i#450# 001 RU\\bibl\126805 005 20260701080149.3 011 ## _a1815-588X 100 ## _a20260630b2026####ek#y0rusy0150####ca 102 ## _aRU 200 1# _aЭкспериментальные исследования зависимости тока, протекающего через изолирующий стык, от изменения его сопротивления _eЖурнальная статья 210 1# _aСанкт-Петербург _cФГБОУ ВО "Петербургский государственный университет путей сообщения Императора Александра I" _d2026 215 ## _a6 с. 608 ## _aЖурнальная статья _2local 675 ## _aИзолированные рельсы. Рельсовые цепи. 656.259.12 _z 700 #1 _aНадежкин _gВадим Александрович 700 #1 _aБредун _gИлья Сергеевич 856 4# _aitt-pgups.ru _u